000 00383cam a22001217a 4500
008 180718b1965 xxu||||| |||| 00| 0 eng d
082 _aB836x764 T312
100 _aMaccorkle, A. Stuart
245 _aMunicipal annexation in Texas
_cby Stuart A. Maccorkle
260 _aAustin
_bInstitute of Public Affairs
_c1965
300 _a41p.
650 _aAnnexation (Municipal government) --Texas
999 _c502090
_d502090